000 02809nam a2200301 a 4500
001 vtls002904511
003 ES-BaIT
005 20211008113801.0
008 161116s2002 xxua r 001 0 eng c
010 _a2904511
020 _a9781581152333
035 _ab68171420
039 9 _a201611161344
_balvarezrb
_y201611161344
_zalvarezrb
080 _a792.028.31
245 0 0 _aMovement for actors /
_cedited by Nicole Potter
260 _aNew York :
_bAllworth Press,
_ccop. 2002
300 _ax, 277 p. :
_bil. ;
_c23 cm
504 _aReferències bibliogràfiques. Índex
505 8 _aConté: Biomechanics : understanding Meyerhold's system of actor training / Marianne Kubik -- Michael Chekhov, psychological gesture, and the thinking heart / Floyd Ruhmor -- Theatrical stillness / Mary Fleischer -- Teaching Charlie Chaplin how to walk / Dan Kamin -- The Feldenkrais method / Alan S. Questel -- Alexander technique and the integrated actor : applying the principles of the Alexander technique to actor preparation / Teresa Lee -- An introduction to Laban movement analysis for actors : a historical, theoretical, and practical perspective / Barbara Adrian -- Breathe before you act / Caroline Thomas -- Mask and ritual / Shelley Wyant -- The smallest mask : the red nose / Jean Taylor -- Discovering ensemble and impulse through improvisation / Paul Urcioli -- Bringing the past into the present : period dance on the stage and in the curriculum / Nira Pullin -- Shakespeare honors the three centers of the body / Susan Dibble -- Some rehearsal notes for Molière and Restoration comedy style / Rod McLucas -- The Williamson physical technique : the physical process of acting / Lloyd Williamson -- An introduction to Margolis method[trademark sign] : a dynamic physical approach to actor training / Kari Margolis -- Movement training : dell'arte international / Joan Schirle -- Synergizing internal and external acting / Jill Mackavery -- The actor as athlete of the emotions : the Rasaboxes exercise / Michele Minnick and Paula Murray Cole -- Mind-body juggling for the camera / Erika Batdorf -- Teaching postmodern choreography to actors : eschewing the inebriation of emotion / Nicole Potter interviews Annie-B Parson -- SITI : why we train, a conversation between Ann Bogart and the SITI Company / compiled by Will Bond -- The problem of movement theater / Brad Krumholz
650 4 _aMoviment (Interpretació)
_957327
700 1 _aPotter, Nicole
_9137626
907 _a.b68171420
_b16-11-16
_c11-11-16
_d11-11-16
_em
_fa
_g-
_heng
_ixxu
_j0
_k0
940 _aCVA15
_dIT
949 _AVIRTUAITEM
_D10040
_G10040
_X1
_61900073449
_a792.028.31 MOV
_s3701:20200226
998 _aVIRTUA
998 _aVTLSSORT0080*0200*0350*0800*2450*2600*3000*5040*5050*6500*7000*9070*9400*9992
999 _c123492
_d123492
040 _aES-BaIT
_bcat